| 000 | 02268cam a2200373 a 4500 | ||
|---|---|---|---|
| 999 |
_c6593 _d6593 |
||
| 003 | OSt | ||
| 005 | 20200225103231.0 | ||
| 008 | 081028s2007 ck ad r 000 0 spa d | ||
| 015 | _aSSN | ||
| 020 | _a9789586484701 | ||
| 040 |
_aCO-BoPUJ _cCO-JMCR |
||
| 041 | 0 | _aspa | |
| 082 | 0 | 4 |
_a614.85 / _bA327s |
| 100 | 1 |
_aÁlvarez Heredia, Franciso, _eautor _9900 |
|
| 245 | 1 |
_aSalud ocupacional / _cFrancisco Álvarez Heredia, Leonardo Conti Parra, Fernando Valderrama Mantilla, Oscar Moreno Vargas, Ingrid Juménez Barbosa |
|
| 250 | _aPrimera edición | ||
| 260 |
_aBogotá : _bEcoe Ediciones, _c2007. |
||
| 300 |
_axxi, 344 páginas : _bilustraciones, diagramas, gráficas y tablas a blanco y negro _c24 cm. |
||
| 490 |
_aColección textos universitarios ; _vÁrea auditoría y administración en salud |
||
| 500 | _aincluye datos biográficos del autor en solapa frontal. | ||
| 504 | _aIncluye referencias bibliográficas páginas 343-344. | ||
| 505 | _aHistoria de la salud ocupacional -- Salud ocupacional -- Factores de riesgo ocupacionales -- La prevención de riesgos ocupacionales y panoramas de riesgos -- Valores límite permisibles -- Toxicología Clínica -- El ruido -- El fuego -- Accidentes de trabajo -- Enfermedad profesional -- Salud ocupacional y calidad -- Vigilancia epidemiológica de los factores de riesgo -- Salud ocupacional visual -- Desarrollo ergonómico de la salud ocupacional -- Lesiones por trauma acumulativa -- Los derechos de la salud ocupacional -- Calificación de pérdida de capacidad laboral | ||
| 520 | _aSegún datos de la OIT, el número de accidentes y enfermedades relacionadas con el trabajo, que anualmente cobra mas de dos millones de vidas, parece estar aumentando debido a la rápida industrialización de algunos países en desarrollo. | ||
| 650 | 1 | 4 |
_aSalud ocupacional _9891 |
| 650 | 2 | 4 |
_aAccidentes de trabajo _9901 |
| 650 | 2 | 4 |
_aRiesgos laborales _9902 |
| 650 | 2 | 4 |
_aSeguridad industrial _9903 |
| 700 | 1 |
_aConti Parra, Leonardo, _eautor _9904 |
|
| 700 | 1 |
_aValderrama Mantilla, Fernando, _eautor _9905 |
|
| 700 | 1 |
_aMoreno Vargas, Oscar, _eautor _9906 |
|
| 700 | 1 |
_aJiménez Barbosa, Indri, _eautor _9907 |
|
| 942 |
_2ddc _cBK |
||